1031 1784 1688 1406 1945 1887 1485 1065 1268 1351 1947 1131 1544 1758 1364 1612 1345 1965 1057 1255 1444 1688 1777 1425 1995 1172 1010 1736 1003 1697 1760 1763 1704 1137 1098 1763 1533 1471 1204 1355 1673 1140 1830 1238 1369 1201 1243 1234 1691 1708 1764 1331 1922 1607 1698 1324 1489 1054 1340 1151 1228 1839 1317 1419 1444 1797 1598 1505 1930 1645 1074 1998 1433 1882 1344 1482 1386 1044 1393 1711 1590 1044 1635 1708 1662 1191 1322 1299 1240 1528 1213 1156 1330 1303 1664 1560 1521 1443 1153 BCNSPRNW ULIB Ver.6.0+V

เปลี่ยนเป็นภาษาไทย

Change to English
 แสดงรายละเอียดบรรณานุกรม
  กลับหน้าหลัก

Brief Record : Get Marc (ISO 2709) : E-mail record : QR code < ปิดหน้าต่าง
LEADER : 00000nam 2200000uu 4500
001    13399124671
003     ULIB
008    151119s||||||||th 000 0 tha d
099 00 ^aวพ.W 4^bบ245ก
100 0  ^aบุปผา จันทรจรัส
245 10 ^aการพัฒนาแบบประเมินภาวะเสี่ยงต่อการหกล้มในผู้ป่วยออร์โธปิดิกส์ = Development of fall risk assessment form for orthopedic patients /^cบุปผา จันทรจรัส
246 31 ^aDevelopment of fall risk assessment form for orthopedic patients
260    ^aเชียงใหม่ :^bบัณฑิตวิทยาลัย มหาวิทยาลัยเชียงใหม่,^c2546
300    ^aญ, 108 แผ่น :^bตาราง
502    ^aวิทยานิพนธ์ (พยาบาลศาสตรมหาบัณฑิต (สาขาวิชาการบริหารการพยาบาล)) -- มหาวิทยาลัยเชียงใหม่
504    ^aบรรณานุกรม: แผ่น 63 - 67
650  2 ^aDissertations, academic^xnursing
650  2 ^aRisk
650  2 ^aAccidental falls
650  2 ^aOrthopedics
650  7 ^aการพยาบาลศัลยศาสตร์
650  7 ^aศัลยกรรมออร์โทพีดิกส์^xผู้ป่วย
650  7 ^aอุบัติเหตุ^xการป้องกัน
650  7 ^aความเสี่ยง
710 2  ^aมหาวิทยาลัยเชียงใหม่.^bบัณฑิตวิทยาลัย
710 2  ^aมหาวิทยาลัยเชียงใหม่.^bสาขาวิชาการบริหารการพยาบาล
945    ^p0^l0^i000214
999    ^aเกษร โพธิ์สุวรรณ
รายการนี้ยังไม่มีแท็ก
คุณยังไม่ได้ล็อกอิน คุณสามารถมีกิจกรรมร่วมกับเว็บไซต์ได้ แต่ต้องล็อกอินก่อน ::
  ล็อกอิน

รายการสื่อสารสนเทศ

ลำดับที่ ประเภท เลขเรียก/บาร์โค้ด สถานที่ สถานะ
1. วิทยานิพนธ์
วิทยานิพนธ์
วพ.W 4 บ245ก ฉ.1 
  Barcode: 000214
ห้องสมุดวิทยาเขตสวรรค์ประชารักษ์
► วิทยานิพนธ์
บนชั้น

รายการใกล้เคียง
    หัวเรื่อง [Risk]
    หัวเรื่อง [Accidental falls]
    หัวเรื่อง [Orthopedics]
    หัวเรื่อง [การพยาบาลศัลยศาสตร์]
    หัวเรื่อง [ความเสี่ยง]

BibComment


ยังไม่เคยถูกคอมเมนท์

คอมเมนท์ทรัพยากรรายการนี้
  คอมเมนท์: การพัฒนาแบบประเม..


 Copyright 2026. Bcnsprnw @Library